Foods that start with each letter of the alphabet - Statistics

General Stats
  • This quiz has been taken 108 times
  • The average score is 14 of 26
Answer Stats
Picture Answer % Correct
Bagel
98%
Asparagus
95%
Kidney Beans
80%
Dumplings
76%
Fondue
76%
Sardine
74%
Zucchini
71%
Quail Egg
60%
Yogurt
60%
Chorizo
59%
Hummus
59%
Gnocchi
55%
Meatball
54%
Oregano
54%
Urchin
54%
Edamame
53%
Naan
52%
Pork Chop
36%
Waffle Cone
36%
Linguine
35%
Ratatouille
33%
Vanilla Bean
33%
Jambalaya
26%
X-mas Cookies
16%
Tzatziki
14%
Italian Bread
11%
No matching quizzes found
Score Distribution
Percent of People with Each Score
Percentile by Number Answered
Your Score History
You have not taken this quiz